Statistics for 広島県の市町村 (2000年)

Click here to take the quiz!

General Stats

  • This quiz has been taken 32 times
    (16 since last reset)
  • The average score is 65 of 86

Answers on the Map

Answers color-coded by a green-red scale on the quiz's map according to % correct below.
 

Answer Stats

ヒント市町村名% Correct
広島市ひろしまし
100%
東広島市ひがしひろしまし
100%
神石郡神石町じんせきちょう
100%
呉市くれし
100%
安芸郡江田島町えたじまちょう
100%
安芸郡坂町さかちょう
100%
安芸郡熊野町くまのちょう
100%
安芸郡海田町かいたちょう
100%
佐伯郡宮島町みやじまちょう
100%
廿日市市はつかいちし
100%
安芸郡府中町ふちゅうちょう
100%
大竹市おおたけし
100%
三次市みよしし
100%
府中市ふちゅうし
100%
福山市ふくやまし
100%
因島市いんのしまし
100%
尾道市おのみちし
100%
三原市みはらし
100%
竹原市たけはらし
100%
豊田郡大崎町おおさきちょう
90%
御調郡御調町みつぎちょう
90%
御調郡向島町むかいしまちょう
90%
世羅郡世羅町せらちょう
90%
甲奴郡上下町じょうげちょう
90%
山県郡加計町かけちょう
90%
甲奴郡甲奴町こうぬちょう
90%
豊田郡豊町ゆたかまち
90%
庄原市しょうばらし
90%
佐伯郡佐伯町さいきちょう
90%
比婆郡高野町たかのちょう
90%
豊田郡安芸津町あきつちょう
90%
佐伯郡大野町おおのちょう
90%
比婆郡東城町とうじょうちょう
90%
佐伯郡能美町のうみちょう
80%
安芸郡蒲刈町かまがりちょう
80%
豊田郡瀬戸田町せとだちょう
80%
安芸郡倉橋町くらはしちょう
80%
沼隈郡沼隈町ぬまくまちょう
80%
比婆郡西城町さいじょうちょう
80%
深安郡神辺町かんなべちょう
80%
佐伯郡湯来町ゆきちょう
80%
世羅郡世羅西町せらにしちょう
70%
双三郡君田村きみたそん
70%
芦品郡新市町しんいちちょう
70%
豊田郡木江町きのえちょう
70%
甲奴郡総領町そうりょうちょう
70%
賀茂郡黒瀬町くろせちょう
70%
賀茂郡河内町こうちちょう
70%
山県郡筒賀村つつがそん
70%
安芸郡音戸町おんどちょう
70%
高田郡吉田町よしだちょう
70%
安芸郡下蒲刈町しもかまがりちょう
70%
佐伯郡吉和村よしわむら
70%
山県郡芸北町げいほくちょう
70%
山県郡戸河内町とごうちちょう
70%
佐伯郡大柿町おおがきちょう
70%
神石郡豊松村とよまつそん
60%
神石郡三和町さんわちょう
60%
双三郡作木村さくぎそん
60%
豊田郡本郷町ほんごうちょう
60%
双三郡吉舎町きさちょう
60%
双三郡三良坂町みらさかちょう
60%
双三郡三和町みわちょう
60%
比婆郡口和町くちわちょう
60%
神石郡油木町ゆきちょう
60%
山県郡千代田町ちよだちょう
60%
比婆郡比和町ひわちょう
60%
豊田郡東野町ひがしのちょう
60%
沼隈郡内海町うつみちょう
60%
賀茂郡大和町だいわちょう
60%
高田郡美土里町みどりちょう
60%
御調郡久井町くいちょう
60%
高田郡高宮町たかみやちょう
60%
豊田郡川尻町かわじりちょう
60%
豊田郡安浦町やすうらちょう
50%
豊田郡豊浜町とよはまちょう
50%
賀茂郡豊栄町とよさかちょう
50%
双三郡布野村ふのそん
50%
高田郡向原町むかいはらちょう
50%
山県郡大朝町おおあさちょう
50%
佐伯郡沖美町おきみちょう
50%
高田郡甲田町こうだちょう
50%
世羅郡甲山町こうざんちょう
50%
高田郡八千代町やちよちょう
50%
賀茂郡福富町ふくとみちょう
30%
山県郡豊平町とよひらちょう
30%

Score Distribution

Percentile by Number Answered

Percent of People with Each Score

Your Score History

You have not taken this quiz since the last reset